[Event "Cesenatico op 9th"]
[Site "Cesenatico"]
[Date "2004.09.07"]
[Round "4"]
[White "Bernardini, Luca"]
[Black "Guglielmi, Giuseppe"]
[Result "0-1"]
[WhiteElo "1760"]
[BlackElo "1980"]
[PlyCount "74"]
[EventDate "2004.09.04"]
[EventType "swiss"]
[EventRounds "9"]
[EventCountry "ITA"]
[SourceTitle "EXT 2007"]
[Source "ChessBase"]
[SourceDate "2006.11.23"]
[SourceVersion "1"]
[SourceVersionDate "2006.11.23"]
[SourceQuality "1"]

1. e4 c5 2. Nc3 Nc6 3. g3 g6 4. Bg2 Bg7 5. d3 Rb8 6. Be3 d6 7. Qd2 e6 8. Nge2 b5 9. Nd1 Ne5 10. h3 b4 11. f4 Nd7 12. 0-0 Ne7 13. g4 Qc7 14. f5 h5 15. fxe6 fxe6 16. g5 Ne5 17. c3 c4 18. d4 Nd3 19. Nf2 bxc3 20. bxc3 Rb2 21. Qd1 Ba6 22. Nf4 Nxf4 23. Bxf4 0-0 24. Bc1 Rbb8 25. Qe1 Qa5 26. Nd1 Rxf1+ 27. Bxf1 Bxd4+ 28. Be3 Qxg5+ 29. Bg2 Bxe3+ 30. Qxe3 Qxe3+ 31. Nxe3 Rb2 32. Rd1 Nc8 33. Bf1 Rxa2 34. Nxc4 Bb5 35. Nxd6 Nxd6 36. Rxd6 Ra1 37. Rxe6 Kf7 0-1

[Event "Bratto op 23rd"]
[Site "Bratto"]
[Date "2003.08.29"]
[Round "9"]
[White "Lanzani, Giuliano"]
[Black "Guglielmi, Giuseppe"]
[Result "0-1"]
[WhiteElo "2092"]
[BlackElo "1991"]
[PlyCount "94"]
[EventDate "2003.08.21"]
[EventType "swiss"]
[EventRounds "9"]
[EventCountry "ITA"]
[SourceTitle "EXT 2004"]
[Source "ChessBase"]
[SourceDate "2003.11.25"]
[SourceVersion "1"]
[SourceVersionDate "2003.11.25"]
[SourceQuality "1"]

1. e4 c5 2. Nc3 Nc6 3. g3 g6 4. Bg2 Bg7 5. Nge2 d6 6. d3 Nf6 7. Be3 0-0 8. h3 Rb8 9. Qd2 b5 10. Bh6 b4 11. Nd1 Bxh6 12. Qxh6 Nd4 13. Ne3 Ba6 14. Nxd4 cxd4 15. Ng4 Nd7 16. h4 Qa5 17. Qg5 e5 18. 0-0 f6 19. Qd2 Qc5 20. h5 f5 21. exf5 gxf5 22. Qg5+ Kh8 23. Nh6 e4 24. Qe7 Ne5 25. a3 b3 26. cxb3 Rbe8 27. Qg5 Nxd3 28. Rac1 Qa5 29. b4 Qd8 30. Qxd8 Rxd8 31. Rc7 Ne5 32. Rd1 Bd3 33. f4 exf3 34. Bh3 Rf6 35. Nf7+ Rxf7 36. Rxf7 Be2 37. Rxh7+ Kxh7 38. Bxf5+ Kh6 39. Rxd4 Kxh5 40. Kf2 Kg5 41. Be4 Rc8 42. Bxf3 Bxf3 43. Rxd6 Rc2+ 44. Kf1 Kg4 45. Ke1 Kxg3 46. Rd8 Kf4 47. Rd2 Rc1+ 0-1

[Event "Bratto op 23rd"]
[Site "Bratto"]
[Date "2003.08.22"]
[Round "2"]
[White "Zoldan, Matteo"]
[Black "Guglielmi, Giuseppe"]
[Result "1-0"]
[WhiteElo "2104"]
[BlackElo "1991"]
[PlyCount "135"]
[EventDate "2003.08.21"]
[EventType "swiss"]
[EventRounds "9"]
[EventCountry "ITA"]
[SourceTitle "EXT 2004"]
[Source "ChessBase"]
[SourceDate "2003.11.25"]
[SourceVersion "1"]
[SourceVersionDate "2003.11.25"]
[SourceQuality "1"]

1. c4 c5 2. Nc3 Nc6 3. g3 g6 4. Bg2 Bg7 5. d3 Nf6 6. e4 0-0 7. Nge2 d6 8. 0-0 Bg4 9. f3 Bd7 10. Be3 e5 11. h3 Nd4 12. f4 Bh6 13. Qd2 Nh5 14. g4 exf4 15. Nxf4 Ng7 16. Nfd5 Bxe3+ 17. Qxe3 f6 18. Qf4 Ne8 19. h4 Be6 20. Rf2 a6 21. Raf1 b5 22. a3 Rb8 23. cxb5 axb5 24. b4 Qd7 25. g5 cxb4 26. axb4 f5 27. e5 dxe5 28. Qxe5 Nc6 29. Qe3 Kh8 30. Nf4 Ng7 31. Re1 Rfe8 32. Qc5 Nd4 33. Ncd5 Bxd5 34. Rxe8+ Qxe8 35. Qxd5 Qe1+ 36. Rf1 Qxb4 37. Rc1 Re8 38. Kh2 Qd2 39. Rf1 Qe3 40. Qd6 Qe5 41. Qxe5 Rxe5 42. Ra1 Nge6 43. Nd5 Re2 44. Ra7 f4 45. Kh3 f3 46. Nf6 Nf8 47. Bxf3 Re3 48. Rf7 Rxf3+ 49. Kg2 Rxd3 50. Rxf8+ Kg7 51. Rb8 h5 52. Rb7+ Kf8 53. Nd7+ Ke8 54. Ne5 Rd2+ 55. Kh3 Kd8 56. Nxg6 Kc8 57. Rf7 b4 58. Ne7+ Kd8 59. g6 Ke8 60. g7 Rd3+ 61. Kg2 Rd2+ 62. Rf2 Rxf2+ 63. Kxf2 Kxe7 64. g8Q Nc6 65. Qg5+ Kd6 66. Qxh5 Ne5 67. Ke3 Kd5 68. Kf4 1-0